书目信息 |
| 题名: |
智慧教育的区域实践 “天天智慧课堂”课例荟萃
|
|
| 作者: | 沈为民 主编 ;绍兴市柯桥区教育体育局 编 | |
| 分册: | ||
| 出版信息: | 杭州 浙江教育出版社 2021.01 |
|
| 页数: | 158页 | |
| 开本: | 26cm | |
| 丛书名: | ||
| 单 册: | ||
| 中图分类: | G632.41 | |
| 科图分类: | ||
| 主题词: | 教案(教育)--中小学--汇编 | |
| 电子资源: | ||
| ISBN: | 978-7-5722-3027-1 | |
| 000 | 01151nam0 2200241 450 | |
| 001 | 012001001275 | |
| 005 | 20141202133019.0 | |
| 010 | @a978-7-5722-3027-1@dCNY50.00 | |
| 100 | @a20220905d2021 em y0chiy50 ea | |
| 101 | 0 | @achi |
| 102 | @aCN@b330000 | |
| 105 | @aa z 000yy | |
| 106 | @ar | |
| 200 | 1 | @a智慧教育的区域实践 “天天智慧课堂”课例荟萃@Azhi hui jiao yu de qu yu shi jian “ tian tian zhi hui ke tang ” ke li hui cui@f绍兴市柯桥区教育体育局编 |
| 210 | @a杭州@c浙江教育出版社@d2021.01 | |
| 215 | @a158页@c彩图@d26cm | |
| 330 | @a本书从区域教育信息化的课堂教学实践中选择22个典型案例,每个案例从课例概况、学情分析、教材分析、教学理念、教学目标、重难点分析、教学过程、教学反思八个方面进行梳理,展现绍兴市柯桥区一线教师如何在新一轮信息化浪潮下,将信息技术作为教学内容、教与学过程创新的工具,一步一个脚印地探索促进优质教育均衡、推进个性化教与学、优化教育治理的路径和方法。 | |
| 606 | 0 | @a教案(教育)@x中小学@j汇编 |
| 690 | @aG632.41@v5 | |
| 701 | 0 | @a沈为民@Ashen wei min@4主编 |
| 712 | 02 | @a绍兴市柯桥区教育体育局@Ashao xing shi ke qiao qu jiao yu ti yu ju@4编 |
| 801 | 0 | @aCN@bAHXH@c20221111 |
| 905 | @b1370832-6@dG632.41@e1456@f5 | |
| 智慧教育的区域实践 “天天智慧课堂”课例荟萃/绍兴市柯桥区教育体育局编.-杭州:浙江教育出版社,2021.01 |
| 158页:彩图;26cm |
| ISBN 978-7-5722-3027-1:CNY50.00 |
| 本书从区域教育信息化的课堂教学实践中选择22个典型案例,每个案例从课例概况、学情分析、教材分析、教学理念、教学目标、重难点分析、教学过程、教学反思八个方面进行梳理,展现绍兴市柯桥区一线教师如何在新一轮信息化浪潮下,将信息技术作为教学内容、教与学过程创新的工具,一步一个脚印地探索促进优质教育均衡、推进个性化教与学、优化教育治理的路径和方法。 |
| ● |
| 相关链接 |
|
|
|
|
正题名:智慧教育的区域实践 "天天智慧课堂"课例荟萃
索取号:G632.41/1456
 
预约/预借
| 序号 | 登录号 | 条形码 | 馆藏地/架位号 | 状态 | 备注 |
| 1 | 1370832 | 213708326 | 第一样本阅览室/ [索取号:G632.41/1456] | 在馆 | |
| 2 | 1370833 | 213708335 | 教育系资料室/ [索取号:G632.41/1456] | 在馆 | |
| 3 | 1370834 | 213708344 | 教育系资料室/ [索取号:G632.41/1456] | 在馆 | |
| 4 | 1370835 | 213708353 | 第四借阅区/ [索取号:G632.41/1456] | 在馆 | |
| 5 | 1370836 | 213708362 | 第四借阅区/ [索取号:G632.41/1456] | 在馆 |